000 00645 a2200205 4500
010 _aENG-88849
020 _c180.00
035 _aEN-72382
037 _bDBAD / PUB
082 1 4 _a546
090 _c9526
_d9526
100 1 _aJoshi, Deepak
245 1 _aDisha's inorganic __ chemistry :
_cby Deepak Joshi
_bbased on new pattern of IIT-JEE /
260 _aNew Delhi
_bDisha Publications
_c2007
300 _a192+44p. :
_c28cm ( pbk)
500 _aRecd. V.1 only
505 _av.1-Qualitative analysis
942 _adpl
_cEN
_k546 / JOS
999 _c9352
_d9352